| 000 | 00710nam a2200133Ia 4500 | ||
|---|---|---|---|
| 008 | 171212s9999 xx 000 0 und d | ||
| 020 | _a9781922064424 | ||
| 100 | _aAnderson, Kym | ||
| 245 |
_cAnderson, Kym _aAustralia's Economy in its International Context _bThe Joseph Fisher Lectures, Volume 2: 1956-2012 |
||
| 260 |
_bUniversity of Adelaide Press _c2012 |
||
| 650 | _aEconomics | ||
| 650 | _aInternational economic relations -- Australia Economic conditions 20th century -- Australia Economic conditions 21st century -- Australia Economic policy 20th century -- Australia Economic policy 21st century -- Australia Foreign Economic relations -- Aus | ||
| 856 | _uhttp://jstor.org/stable/10.20851/j.ctt1t304mv | ||
| 999 |
_c352903 _d352903 |
||